000 00490cam a22002054a 4500
005 20250605164320.0
008 250528s ||||||||||||||||||||||||d
035 _a22847
020 _a9780030558832
040 _aGR-AtMCL
_bgre
_dGR-AtMCL
_eAACR2
245 1 _aMANAGERIAL FINANCE
250 _a9
260 _bThe Dryden Press,
_c1992
300 _a1182
700 1 _aCopeland Thomas E
_91095
700 1 _aWeston Fred J
_95770
942 _cBK
999 _c7892
_d7892